000
00311nam a22001457a 4500
008
240205b ||||| |||| 00| 0 eng d
020
_a
616734
041
_a
eng
080
_2
1961
_a
61
082
_a
61PIL
100
_a
5
101
_a
MJP
245
_a
CUTANEOUS MEDICINE
_c
PILLSBURY .M.D
942
_2
udc
_c
BK
999
_c
60580
_d
60580